[Event "18. Obert Int. Sant Marti 2016"]
[Site "Barcelona ESP"]
[Date "2016.07.17"]
[Round "5.61"]
[White "Varela Cuadrado, Cesar"]
[Black "Afshar, Niusha"]
[Result "0-1"]
[WhiteElo "1753"]
[BlackElo "1971"]
[PlyCount "58"]
[EventDate "2016.07.13"]
[EventType "swiss"]
[EventRounds "9"]
[EventCountry "ESP"]
[SourceTitle "Ajedrez en Madrid"]
[Source "lmi"]
[SourceDate "2016.07.13"]
[SourceVersion "1"]
[SourceVersionDate "2019.06.21"]
[SourceQuality "1"]

1. e4 c5 2. Nf3 Nc6 3. d4 cxd4 4. Nxd4 Nf6 5. Nc3 e6 6. Ndb5 Bb4 7. a3 Bxc3+ 8.
Nxc3 d5 9. exd5 exd5 10. Bd3 O-O 11. O-O d4 12. Ne2 Re8 13. Bg5 Qd6 14. f3 Nd5
15. Bb5 Qc5 16. Nxd4 Nxd4 17. Bxe8 Nxc2+ 18. Kh1 Nxa1 19. Qxa1 Be6 20. b4 Nxb4
21. Qc1 Qxc1 22. Rxc1 Na2 23. Bxf7+ Bxf7 24. Rc7 b5 25. Be7 a5 26. Kg1 b4 27.
axb4 axb4 28. Rb7 b3 29. Bc5 Nc3 0-1

[Event "18. Obert Int. Sant Marti 2016"]
[Site "Barcelona ESP"]
[Date "2016.07.17"]
[Round "5.62"]
[White "Fernandez Aguilar, Francisco"]
[Black "Suasnabar, Jesus"]
[Result "0-1"]
[WhiteElo "2114"]
[BlackElo "1982"]
[PlyCount "64"]
[EventDate "2016.07.13"]
[EventType "swiss"]
[EventRounds "9"]
[EventCountry "ESP"]
[SourceTitle "Ajedrez en Madrid"]
[Source "lmi"]
[SourceDate "2016.07.13"]
[SourceVersion "1"]
[SourceVersionDate "2019.06.21"]
[SourceQuality "1"]

1. e4 a6 2. Nc3 c5 3. f4 e6 4. d4 cxd4 5. Qxd4 Nc6 6. Qf2 b5 7. Bd3 d6 8. Nf3
Nf6 9. h3 Be7 10. Be3 Rb8 11. Rd1 Qc7 12. O-O O-O 13. e5 dxe5 14. fxe5 Nd7 15.
Qg3 f5 16. Bh6 Rf7 17. Kh1 Nc5 18. Ng5 Bxg5 19. Bxg5 Bb7 20. Bf4 Rd8 21. Be2
Nd4 22. Bh5 g6 23. Bg5 Rdd7 24. b4 Ne4 25. Nxe4 Bxe4 26. Bf6 Rxf6 27. Qf2 Qxe5
28. c3 gxh5 29. cxd4 Qd5 30. Rc1 Rg6 31. Rg1 Qb7 32. Rce1 Rdg7 0-1

[Event "18. Obert Int. Sant Marti 2016"]
[Site "Barcelona ESP"]
[Date "2016.07.17"]
[Round "5.63"]
[White "Pistol, Mats-Erik"]
[Black "Fabregas Fontanet, Antonio"]
[Result "0-1"]
[WhiteElo "1810"]
[BlackElo "1969"]
[PlyCount "96"]
[EventDate "2016.07.13"]
[EventType "swiss"]
[EventRounds "9"]
[EventCountry "ESP"]
[SourceTitle "Ajedrez en Madrid"]
[Source "lmi"]
[SourceDate "2016.07.13"]
[SourceVersion "1"]
[SourceVersionDate "2019.06.21"]
[SourceQuality "1"]

1. e4 g6 2. d4 Bg7 3. Nc3 d6 4. Be3 Nf6 5. f3 c6 6. Qd2 Nbd7 7. g4 h5 8. g5 Ng8
9. h4 e6 10. O-O-O Ne7 11. f4 Nb6 12. Bd3 d5 13. Nf3 O-O 14. Rhf1 dxe4 15. Nxe4
Nf5 16. c3 a5 17. Bf2 Qd5 18. Kb1 Nc4 19. Qe2 b5 20. Ne5 Ba6 21. Nc5 Nfd6 22.
Nxg6 fxg6 23. Bxg6 Rf5 24. Bxf5 exf5 25. Qe6+ Qxe6 26. Nxe6 b4 27. Rfe1 bxc3
28. bxc3 Rb8+ 29. Kc1 Ne4 30. Rxe4 fxe4 31. Nc5 Bc8 32. Nxe4 Bf5 33. Re1 Rb2
34. Bg1 Rxa2 35. Kb1 Rg2 36. Ka1 Bxe4 37. Rxe4 Rxg1+ 38. Ka2 Rg3 39. f5 Rxc3
40. f6 Bf8 41. Re6 Nd2 42. g6 Rc2+ 43. Ka1 Nb3+ 44. Kb1 Nxd4 45. Re8 Rf2 46.
Re4 Nb5 47. Re6 Nc3+ 48. Kc1 Ba3# 0-1

[Event "18. Obert Int. Sant Marti 2016"]
[Site "Barcelona ESP"]
[Date "2016.07.18"]
[Round "6.1"]
[White "Peralta, Fernando"]
[Black "Shyam, Sundar M."]
[Result "0-1"]
[WhiteElo "2588"]
[BlackElo "2526"]
[PlyCount "88"]
[EventDate "2016.07.13"]
[EventType "swiss"]
[EventRounds "9"]
[EventCountry "ESP"]
[SourceTitle "Ajedrez en Madrid"]
[Source "lmi"]
[SourceDate "2016.07.13"]
[SourceVersion "1"]
[SourceVersionDate "2019.06.21"]
[SourceQuality "1"]

1. d4 Nf6 2. c4 g6 3. Nc3 Bg7 4. e4 O-O 5. Nf3 d6 6. h3 e5 7. d5 a5 8. g4 Na6
9. Be3 Nd7 10. a3 Nb6 11. Rg1 Bd7 12. h4 Nc5 13. a4 c6 14. h5 Rc8 15. Nd2 Qe8
16. b3 Na8 17. Rc1 Nc7 18. Be2 N7a6 19. Nf1 cxd5 20. cxd5 Nb4 21. g5 Qe7 22.
Ng3 f6 23. hxg6 hxg6 24. gxf6 Rxf6 25. Rh1 Rf4 26. Kf1 Rh4 27. Rxh4 Qxh4 28.
Kg1 Bh6 29. Bxh6 Qxh6 30. Nb5 Rf8 31. Nxd6 Qf4 32. Qf1 Bh3 33. Qxh3 Qxc1+ 34.
Kg2 Qf4 35. f3 Nc2 36. Nc8 Kg7 37. Ne7 Ne1+ 38. Kf1 Nxf3 39. Nef5+ Kf6 40. Kg2
Ne1+ 41. Kg1 Nxe4 42. Nxe4+ Qxe4 43. Ng3 Nf3+ 44. Kf2 Qh4 0-1

[Event "18. Obert Int. Sant Marti 2016"]
[Site "Barcelona ESP"]
[Date "2016.07.18"]
[Round "6.2"]
[White "Oliva Castaneda, Kevel"]
[Black "Bachmann, Axel"]
[Result "1/2-1/2"]
[WhiteElo "2493"]
[BlackElo "2649"]
[PlyCount "39"]
[EventDate "2016.07.13"]
[EventType "swiss"]
[EventRounds "9"]
[EventCountry "ESP"]
[SourceTitle "Ajedrez en Madrid"]
[Source "lmi"]
[SourceDate "2016.07.13"]
[SourceVersion "1"]
[SourceVersionDate "2019.06.21"]
[SourceQuality "1"]

1. d4 d5 2. c4 dxc4 3. e3 Nf6 4. Bxc4 e6 5. Nf3 a6 6. O-O Nbd7 7. a4 b6 8. Qe2
Bb7 9. Nc3 c5 10. Rd1 Bd6 11. d5 exd5 12. Nxd5 Nxd5 13. Bxd5 Bxd5 14. Rxd5 Nf6
15. Rd3 Qe7 16. b3 O-O 17. Bb2 b5 18. axb5 axb5 19. Rad1 Bc7 20. Bxf6 1/2-1/2

[Event "18. Obert Int. Sant Marti 2016"]
[Site "Barcelona ESP"]
[Date "2016.07.18"]
[Round "6.3"]
[White "Swayams, Mishra"]
[Black "Gomez Garrido, Camilo Ernesto"]
[Result "1/2-1/2"]
[WhiteElo "2457"]
[BlackElo "2541"]
[PlyCount "31"]
[EventDate "2016.07.13"]
[EventType "swiss"]
[EventRounds "9"]
[EventCountry "ESP"]
[SourceTitle "Ajedrez en Madrid"]
[Source "lmi"]
[SourceDate "2016.07.13"]
[SourceVersion "1"]
[SourceVersionDate "2019.06.21"]
[SourceQuality "1"]

1. d4 d5 2. c4 c6 3. Nf3 Nf6 4. Nc3 e6 5. Bg5 h6 6. Bxf6 Qxf6 7. e3 Nd7 8. Bd3
dxc4 9. Bxc4 Bd6 10. O-O O-O 11. Ne4 Qe7 12. Nxd6 Qxd6 13. Rc1 b6 14. Qe2 Bb7
15. Rfd1 Rac8 16. a3 1/2-1/2

[Event "18. Obert Int. Sant Marti 2016"]
[Site "Barcelona ESP"]
[Date "2016.07.18"]
[Round "6.4"]
[White "Karthikeyan, Murali"]
[Black "Anurag, Mhamal"]
[Result "1-0"]
[WhiteElo "2513"]
[BlackElo "2392"]
[PlyCount "71"]
[EventDate "2016.07.13"]
[EventType "swiss"]
[EventRounds "9"]
[EventCountry "ESP"]
[SourceTitle "Ajedrez en Madrid"]
[Source "lmi"]
[SourceDate "2016.07.13"]
[SourceVersion "1"]
[SourceVersionDate "2019.06.21"]
[SourceQuality "1"]

1. e4 e5 2. Nf3 Nc6 3. Bb5 Nf6 4. d3 Bc5 5. O-O d6 6. c3 O-O 7. Nbd2 Bd7 8. b4
Bb6 9. Nc4 Ne7 10. Bxd7 Qxd7 11. Bg5 Ng6 12. Bxf6 gxf6 13. Ne3 Bxe3 14. fxe3 f5
15. exf5 Qxf5 16. Nd4 Qg5 17. Nf5 d5 18. g3 Kh8 19. h4 Qf6 20. Qh5 Qe6 21. Rf2
f6 22. Raf1 Ne7 23. Kh2 Nxf5 24. Rxf5 d4 25. exd4 exd4 26. c4 Rae8 27. Rxf6
Rxf6 28. Rxf6 Qxf6 29. Qxe8+ Kg7 30. Qd7+ Kh6 31. Kg2 a5 32. Qxc7 axb4 33. Qf4+
Qxf4 34. gxf4 Kg6 35. Kf3 Kf5 36. h5 1-0

[Event "18. Obert Int. Sant Marti 2016"]
[Site "Barcelona ESP"]
[Date "2016.07.18"]
[Round "6.5"]
[White "Asis Gargatagli, Hipolito"]
[Black "Vassallo Barroche, Mauricio"]
[Result "1/2-1/2"]
[WhiteElo "2504"]
[BlackElo "2389"]
[PlyCount "49"]
[EventDate "2016.07.13"]
[EventType "swiss"]
[EventRounds "9"]
[EventCountry "ESP"]
[SourceTitle "Ajedrez en Madrid"]
[Source "lmi"]
[SourceDate "2016.07.13"]
[SourceVersion "1"]
[SourceVersionDate "2019.06.21"]
[SourceQuality "1"]

1. e4 e5 2. Nf3 Nc6 3. Bc4 Nf6 4. d3 h6 5. O-O d6 6. c3 Qe7 7. Re1 g6 8. Nbd2
Bg7 9. d4 O-O 10. h3 Nh7 11. Nf1 Nd8 12. Ne3 Ne6 13. b3 c6 14. Ba3 Nhg5 15.
Nxe5 Kh7 16. Nf3 Nxe4 17. Qc2 f5 18. Nd2 N6g5 19. Nef1 Qf6 20. f3 Nxd2 21. Qxd2
b5 22. Bd3 Nf7 23. Re2 Bd7 24. Rae1 Rfe8 25. Ne3 1/2-1/2

[Event "18. Obert Int. Sant Marti 2016"]
[Site "Barcelona ESP"]
[Date "2016.07.18"]
[Round "6.6"]
[White "Cuartas, Jaime Alexander"]
[Black "Henriquez Villagra, Cristobal"]
[Result "1-0"]
[WhiteElo "2455"]
[BlackElo "2491"]
[PlyCount "123"]
[EventDate "2016.07.13"]
[EventType "swiss"]
[EventRounds "9"]
[EventCountry "ESP"]
[SourceTitle "Ajedrez en Madrid"]
[Source "lmi"]
[SourceDate "2016.07.13"]
[SourceVersion "1"]
[SourceVersionDate "2019.06.21"]
[SourceQuality "1"]

1. e4 c5 2. Nf3 d6 3. Bb5+ Nd7 4. d4 cxd4 5. Qxd4 Ngf6 6. Bg5 a6 7. Bxd7+ Bxd7
8. Nc3 h6 9. Bxf6 gxf6 10. Nd5 Rc8 11. O-O-O Bg7 12. Nh4 e6 13. Ne3 Rc6 14. f4
h5 15. Nc4 Bf8 16. Kb1 Rg8 17. g3 b5 18. Ne3 Qb6 19. Qd3 Qc5 20. Rhe1 Be7 21.
Nf3 Rc7 22. Nd4 Rh8 23. Rd2 Kd8 24. Rc1 Kc8 25. c4 Kb8 26. Rdc2 b4 27. Nd5 Ba4
28. b3 Be8 29. Nxc7 Kxc7 30. Rd2 Kb8 31. Re1 Bd7 32. Qe3 Bc8 33. Nc2 Bb7 34. a3
a5 35. axb4 axb4 36. Rd3 Kc7 37. Kb2 Rb8 38. Nd4 Kb6 39. f5 Bc8 40. Nb5 Qxe3
41. Rdxe3 Bd7 42. Ra1 Bxb5 43. cxb5 Rb7 44. Ra8 Kxb5 45. Re1 exf5 46. Re8 f4
47. gxf4 f5 48. e5 Kc6 49. Rh8 dxe5 50. Rxe5 Rd7 51. Kc2 Kd6 52. Rc8 Bf6 53.
Rxf5 Ke6 54. Rxh5 Bc3 55. Rc6+ Ke7 56. Rxc3 bxc3 57. Kxc3 Rd6 58. Rh3 Rd1 59.
Rd3 Rf1 60. Rd4 Ke6 61. b4 Rb1 62. Kc4 1-0

[Event "18. Obert Int. Sant Marti 2016"]
[Site "Barcelona ESP"]
[Date "2016.07.18"]
[Round "6.7"]
[White "Alvarez Pedraza, Aramis"]
[Black "Perpinya Rofes, Lluis Maria"]
[Result "1-0"]
[WhiteElo "2484"]
[BlackElo "2373"]
[PlyCount "113"]
[EventDate "2016.07.13"]
[EventType "swiss"]
[EventRounds "9"]
[EventCountry "ESP"]
[SourceTitle "Ajedrez en Madrid"]
[Source "lmi"]
[SourceDate "2016.07.13"]
[SourceVersion "1"]
[SourceVersionDate "2019.06.21"]
[SourceQuality "1"]

1. d4 c5 2. d5 g6 3. e4 Bg7 4. h4 h5 5. Nh3 d6 6. Ng5 Na6 7. a4 Nc7 8. Na3 Nf6
9. Nc4 O-O 10. Be2 b6 11. O-O Ba6 12. Ra3 Qd7 13. f4 e6 14. e5 Bxc4 15. Bxc4
Nfxd5 16. g4 dxe5 17. fxe5 hxg4 18. Qxg4 Bxe5 19. Raf3 f5 20. Qg2 Rae8 21. c3
Qg7 22. Rd3 Bf6 23. Nxe6 Nxe6 24. Bxd5 Kh8 25. Rg3 Rg8 26. Re3 Be5 27. Qe2 Nd4
28. cxd4 Bxd4 29. Bxg8 Qe5 30. Qf2 Bxe3 31. Bxe3 Qxe3 32. Bf7 Re4 33. Qxe3 Rxe3
34. Kf2 Rh3 35. Rg1 Kg7 36. Bxg6 Rxh4 37. Bxf5+ Kf6 38. Bc2 Rb4 39. Rb1 Ke5 40.
Ke3 Rh4 41. Kd2 Kd4 42. Re1 a6 43. Re6 Rh2+ 44. Kc1 Rh1+ 45. Bd1 b5 46. Rxa6
bxa4 47. Rxa4+ Kd3 48. Ra3+ Kd4 49. Kd2 Rh2+ 50. Be2 Rg2 51. Ra4+ Ke5 52. Rg4
Rh2 53. Ke3 Kd6 54. Rg6+ Ke5 55. b3 Rh3+ 56. Bf3 Rh4 57. Rg5+ 1-0

[Event "18. Obert Int. Sant Marti 2016"]
[Site "Barcelona ESP"]
[Date "2016.07.18"]
[Round "6.8"]
[White "Himanshu, Sharma"]
[Black "Munoz, Miguel"]
[Result "1-0"]
[WhiteElo "2389"]
[BlackElo "2477"]
[PlyCount "67"]
[EventDate "2016.07.13"]
[EventType "swiss"]
[EventRounds "9"]
[EventCountry "ESP"]
[SourceTitle "Ajedrez en Madrid"]
[Source "lmi"]
[SourceDate "2016.07.13"]
[SourceVersion "1"]
[SourceVersionDate "2019.06.21"]
[SourceQuality "1"]

1. e4 d5 2. exd5 Qxd5 3. Nc3 Qa5 4. d4 Nf6 5. Nf3 Bg4 6. Bd2 a6 7. h3 Bxf3 8.
Qxf3 Nc6 9. O-O-O O-O-O 10. d5 Nxd5 11. Bc4 Nxc3 12. Bxc3 Qg5+ 13. Kb1 e5 14.
Bxa6 Qf6 15. Qg4+ Kb8 16. Rxd8+ Nxd8 17. Bc4 Bd6 18. Re1 h5 19. Qe2 Re8 20. a4
Qg6 21. g4 hxg4 22. hxg4 Qg5 23. a5 e4 24. Bd3 e3 25. fxe3 Bg3 26. Rf1 g6 27.
e4 Be5 28. Bd2 Qe7 29. a6 b6 30. Bb5 c6 31. Bc4 b5 32. Bxb5 cxb5 33. Qxb5+ Kc8
34. a7 1-0

[Event "18. Obert Int. Sant Marti 2016"]
[Site "Barcelona ESP"]
[Date "2016.07.18"]
[Round "6.9"]
[White "Ortiz Suarez, Isan Reynaldo"]
[Black "Li, Di"]
[Result "1-0"]
[WhiteElo "2580"]
[BlackElo "2426"]
[PlyCount "61"]
[EventDate "2016.07.13"]
[EventType "swiss"]
[EventRounds "9"]
[EventCountry "ESP"]
[SourceTitle "Ajedrez en Madrid"]
[Source "lmi"]
[SourceDate "2016.07.13"]
[SourceVersion "1"]
[SourceVersionDate "2019.06.21"]
[SourceQuality "1"]

1. Nf3 d5 2. c4 c6 3. g3 Nf6 4. Bg2 g6 5. d4 Bg7 6. O-O O-O 7. b3 dxc4 8. bxc4
c5 9. Bb2 Qb6 10. Qb3 Ne4 11. e3 Nc6 12. Ne5 Nd6 13. Nd2 Na5 14. Qc2 Bf5 15. e4
cxd4 16. c5 Qc7 17. exf5 Bxe5 18. fxg6 hxg6 19. Rac1 Nb5 20. Nf3 Bf6 21. Qd3
Nc3 22. Nxd4 Na4 23. Ba1 Nxc5 24. Qa3 Rac8 25. Bh3 e6 26. Nb5 Qb6 27. Bxf6 Qxb5
28. Ba1 Nd3 29. Rxc8 Rxc8 30. Bxe6 Rc7 31. Qd6 1-0

[Event "18. Obert Int. Sant Marti 2016"]
[Site "Barcelona ESP"]
[Date "2016.07.18"]
[Round "6.10"]
[White "Rathanvel, V S."]
[Black "Libiszewski, Fabien"]
[Result "0-1"]
[WhiteElo "2374"]
[BlackElo "2542"]
[PlyCount "60"]
[EventDate "2016.07.13"]
[EventType "swiss"]
[EventRounds "9"]
[EventCountry "ESP"]
[SourceTitle "Ajedrez en Madrid"]
[Source "lmi"]
[SourceDate "2016.07.13"]
[SourceVersion "1"]
[SourceVersionDate "2019.06.21"]
[SourceQuality "1"]

1. e4 c5 2. Nf3 Nc6 3. d4 cxd4 4. Nxd4 e5 5. Nb5 d6 6. N1c3 a6 7. Na3 Be7 8.
Nc4 b5 9. Ne3 Nf6 10. Bd3 O-O 11. O-O Rb8 12. Ncd5 Nd4 13. c3 Ne6 14. Nxe7+
Qxe7 15. Nf5 Qc7 16. Qf3 g6 17. Bh6 gxf5 18. Qg3+ Kh8 19. exf5 Rg8 20. Qh4 Qe7
21. fxe6 Rg4 22. exf7 Bb7 23. Qh3 Bxg2 24. Qxg4 Nxg4 25. f8=Q+ Rxf8 26. Bxf8
Qb7 27. Bxd6 Bh3 28. f3 Qb6+ 29. Kh1 Qxd6 30. fxg4 Qd5+ 0-1

[Event "18. Obert Int. Sant Marti 2016"]
[Site "Barcelona ESP"]
[Date "2016.07.18"]
[Round "6.11"]
[White "Dardha, Arben"]
[Black "Arizmendi Martinez, Julen Luis"]
[Result "0-1"]
[WhiteElo "2330"]
[BlackElo "2501"]
[PlyCount "58"]
[EventDate "2016.07.13"]
[EventType "swiss"]
[EventRounds "9"]
[EventCountry "ESP"]
[SourceTitle "Ajedrez en Madrid"]
[Source "lmi"]
[SourceDate "2016.07.13"]
[SourceVersion "1"]
[SourceVersionDate "2019.06.21"]
[SourceQuality "1"]

1. e4 e5 2. Nf3 Nc6 3. Nc3 Nf6 4. d4 exd4 5. Nxd4 Bb4 6. Nxc6 bxc6 7. Bd3 O-O
8. O-O d5 9. exd5 cxd5 10. h3 Re8 11. Qf3 c6 12. Bf4 Qe7 13. Bg5 h6 14. Bxf6
Qxf6 15. Qxf6 gxf6 16. Ne2 Bc5 17. Rad1 a5 18. Ng3 Re5 19. Kh2 Rb8 20. b3 Bb4
21. f4 Re3 22. Nf5 Rxd3 23. Nxh6+ Kg7 24. Rxd3 Kxh6 25. f5 Ba6 26. c4 dxc4 27.
Rd4 cxb3 28. Rf3 bxa2 29. Rg3 Be2 0-1

[Event "18. Obert Int. Sant Marti 2016"]
[Site "Barcelona ESP"]
[Date "2016.07.18"]
[Round "6.12"]
[White "Ortega Amarelle, Mariano"]
[Black "Chernyak, Viktoria"]
[Result "1/2-1/2"]
[WhiteElo "2465"]
[BlackElo "2186"]
[PlyCount "168"]
[EventDate "2016.07.13"]
[EventType "swiss"]
[EventRounds "9"]
[EventCountry "ESP"]
[SourceTitle "Ajedrez en Madrid"]
[Source "lmi"]
[SourceDate "2016.07.13"]
[SourceVersion "1"]
[SourceVersionDate "2019.06.21"]
[SourceQuality "1"]

1. d4 Nf6 2. Nf3 e6 3. c4 d5 4. g3 dxc4 5. Bg2 a6 6. O-O Nc6 7. e3 Rb8 8. Nfd2
Be7 9. Nxc4 O-O 10. b3 Na7 11. a4 b6 12. Nc3 c5 13. Qe2 Bb7 14. Rd1 Bxg2 15.
Kxg2 cxd4 16. Rxd4 Qc7 17. Bb2 Rfd8 18. Rxd8+ Rxd8 19. Rc1 Nc6 20. Na2 Qb8 21.
Qf3 Rc8 22. Nd2 Qd6 23. Bxf6 gxf6 24. Ne4 Qd5 25. Nb4 Qd7 26. Nxc6 Kf8 27. Qh5
Kg7 28. Ne5 fxe5 29. Rxc8 Qxc8 30. Qxe5+ f6 31. Qc3 Qb7 32. f3 Qd7 33. Qc2 Kf7
34. Nd2 Kg7 35. Ne4 Kf7 36. Kf2 Kg7 37. Ke2 f5 38. Qc3+ Kg6 39. Nf2 Bf6 40. Qd3
Qc6 41. Qc4 Qxc4+ 42. bxc4 Bc3 43. Nd3 Kf6 44. e4 Bd4 45. h3 h6 46. Nb4 a5 47.
Nd3 Kg6 48. exf5+ exf5 49. f4 h5 50. Kf3 Kf6 51. g4 hxg4+ 52. hxg4 fxg4+ 53.
Kxg4 Bg1 54. Ne1 Be3 55. Nd3 Bg1 56. Ne5 Bd4 57. Nf3 Be3 58. Ng5 Bg1 59. Ne4+
Ke6 60. Kg5 Be3 61. Kg4 Bg1 62. Kf3 Bd4 63. Nd2 Bc3 64. Ke3 Bh8 65. Ke4 Kd6 66.
Nb3 Bc3 67. Kf5 Bb2 68. Kg6 Bh8 69. f5 Ke5 70. c5 bxc5 71. Nxc5 Kd5 72. Nb3 Kc4
73. Nxa5+ Kb4 74. Nb7 Kxa4 75. Nd6 Ka5 76. Ne8 Bb2 77. Kf7 Kb6 78. Ke6 Bh8 79.
Kf7 Bb2 80. Nf6 Kb7 81. Ke6 Kc8 82. Nd7 Kd8 83. Ne5 Ke8 84. f6 Bxe5 1/2-1/2

[Event "18. Obert Int. Sant Marti 2016"]
[Site "Barcelona ESP"]
[Date "2016.07.18"]
[Round "6.13"]
[White "Lan, Zilun"]
[Black "Debashis, Das"]
[Result "1/2-1/2"]
[WhiteElo "2250"]
[BlackElo "2451"]
[PlyCount "69"]
[EventDate "2016.07.13"]
[EventType "swiss"]
[EventRounds "9"]
[EventCountry "ESP"]
[SourceTitle "Ajedrez en Madrid"]
[Source "lmi"]
[SourceDate "2016.07.13"]
[SourceVersion "1"]
[SourceVersionDate "2019.06.21"]
[SourceQuality "1"]

1. d4 Nf6 2. c4 e6 3. Nf3 b6 4. g3 Ba6 5. b3 Bb4+ 6. Bd2 Be7 7. Bg2 O-O 8. O-O
d5 9. Ne5 c6 10. cxd5 cxd5 11. Re1 Nfd7 12. Nxd7 Qxd7 13. Nc3 f5 14. e3 Nc6 15.
Bf1 Bxf1 16. Rxf1 Rac8 17. Ne2 g5 18. Nc1 g4 19. Nd3 Bd6 20. h4 Rc7 21. Bc3
Rfc8 22. Qd2 Kg7 23. Rac1 a5 24. Kg2 h6 25. Bb2 Kh7 26. Qe2 Qe7 27. Rfe1 Qd7
28. Rc2 Ne7 29. Rec1 Rxc2 30. Rxc2 Rxc2 31. Qxc2 Qc6 32. Qxc6 Nxc6 33. Kf1 Kg6
34. Ke2 h5 35. Bc3 1/2-1/2

[Event "18. Obert Int. Sant Marti 2016"]
[Site "Barcelona ESP"]
[Date "2016.07.18"]
[Round "6.14"]
[White "Aguero Jimenez, Luis Lazaro"]
[Black "Herrera Reyes, Jose Antonio"]
[Result "1-0"]
[WhiteElo "2415"]
[BlackElo "2253"]
[PlyCount "57"]
[EventDate "2016.07.13"]
[EventType "swiss"]
[EventRounds "9"]
[EventCountry "ESP"]
[SourceTitle "Ajedrez en Madrid"]
[Source "lmi"]
[SourceDate "2016.07.13"]
[SourceVersion "1"]
[SourceVersionDate "2019.06.21"]
[SourceQuality "1"]

1. Nf3 Nf6 2. g3 c5 3. Bg2 e6 4. c4 Be7 5. O-O O-O 6. d4 cxd4 7. Nxd4 a6 8. b3
Qc7 9. Bb2 d6 10. Nc3 Nbd7 11. Rc1 Re8 12. Qd2 Nf8 13. Rfd1 Ng6 14. h3 h5 15.
h4 Ng4 16. Nf3 Rd8 17. Ne4 f5 18. Neg5 Bf6 19. Nd4 Qe7 20. Ndxe6 Bxe6 21. Nxe6
f4 22. Bxf6 Qxf6 23. Nxf4 Rf8 24. e3 Nxh4 25. gxh4 Qxh4 26. Bd5+ Kh7 27. Qc2+
g6 28. Qxg6+ Kh8 29. Qh6+ 1-0

[Event "18. Obert Int. Sant Marti 2016"]
[Site "Barcelona ESP"]
[Date "2016.07.18"]
[Round "6.15"]
[White "Gautier, Anand"]
[Black "Valdes Romero, Leonardo"]
[Result "0-1"]
[WhiteElo "2186"]
[BlackElo "2411"]
[PlyCount "90"]
[EventDate "2016.07.13"]
[EventType "swiss"]
[EventRounds "9"]
[EventCountry "ESP"]
[SourceTitle "Ajedrez en Madrid"]
[Source "lmi"]
[SourceDate "2016.07.13"]
[SourceVersion "1"]
[SourceVersionDate "2019.06.21"]
[SourceQuality "1"]

1. e4 d6 2. d4 Nf6 3. Nc3 g6 4. Be3 c6 5. f3 Bg7 6. Qd2 b5 7. g4 h5 8. g5 Nfd7
9. a3 Bb7 10. f4 a5 11. Nf3 b4 12. Nd1 c5 13. d5 Ba6 14. c4 bxc3 15. bxc3 Nb6
16. Qc2 Bxf1 17. Kxf1 N8d7 18. Kg2 O-O 19. Rc1 Nc4 20. Nd2 Ndb6 21. Nxc4 Nxc4
22. Qb3 Nxe3+ 23. Nxe3 Rb8 24. Qc2 a4 25. Qxa4 Rb2+ 26. Rc2 Bxc3 27. Rxb2 Bxb2
28. Rb1 Bd4 29. Nc2 Bg7 30. Rb7 Qc8 31. Rd7 Qb8 32. Rxe7 Qb2 33. Qc4 Qc1 34. e5
dxe5 35. Qe2 Qxf4 36. d6 Qxg5+ 37. Kf1 Qf6+ 38. Qf2 Qxd6 39. Ra7 e4 40. Ne3 Bd4
41. a4 Qe6 42. Qf4 Qh3+ 43. Ke2 Bxe3 44. Qxe3 Qxh2+ 45. Qf2 Qe5 0-1

[Event "18. Obert Int. Sant Marti 2016"]
[Site "Barcelona ESP"]
[Date "2016.07.18"]
[Round "6.16"]
[White "Jayakumaar, S."]
[Black "Meneses Gonzalez, Kevin Moises"]
[Result "0-1"]
[WhiteElo "2151"]
[BlackElo "2379"]
[PlyCount "132"]
[EventDate "2016.07.13"]
[EventType "swiss"]
[EventRounds "9"]
[EventCountry "ESP"]
[SourceTitle "Ajedrez en Madrid"]
[Source "lmi"]
[SourceDate "2016.07.13"]
[SourceVersion "1"]
[SourceVersionDate "2019.06.21"]
[SourceQuality "1"]

1. e4 c5 2. Nf3 d6 3. Bb5+ Nd7 4. d4 cxd4 5. Qxd4 a6 6. Bxd7+ Bxd7 7. c4 Rc8 8.
Nc3 Qc7 9. b3 e5 10. Qd3 b5 11. Nd5 Qc6 12. Nd2 Ne7 13. O-O Nxd5 14. exd5 Qc5
15. a4 Be7 16. axb5 axb5 17. Rd1 f5 18. cxb5 O-O 19. Ba3 Bxb5 20. Qh3 Qc3 21.
Qxc3 Rxc3 22. Bb4 Rd3 23. Nc4 Rxd1+ 24. Rxd1 Bxc4 25. bxc4 Rb8 26. Rb1 e4 27.
Kf1 Bf6 28. Rb3 Bd4 29. Ke2 Kf7 30. f3 Bc5 31. Bxc5 Rxb3 32. Bxd6 Rc3 33. c5
Ke8 34. fxe4 fxe4 35. c6 Rd3 36. Be5 Rxd5 37. Bxg7 Rg5 38. c7 Kd7 39. Bh6 Rxg2+
40. Ke3 Kxc7 41. Bf4+ Kd7 42. Kxe4 Ke6 43. Bg3 Ra2 44. Bf4 Ra1 45. Kf3 Kf5 46.
Bg3 Ra3+ 47. Kf2 Kg4 48. Bd6 Ra2+ 49. Ke3 h5 50. Bc7 Ra3+ 51. Kf2 h4 52. Bd6
Rf3+ 53. Ke2 Rf6 54. Bc7 Kh3 55. Bb8 Kg2 56. Bc7 Re6+ 57. Kd2 Re8 58. Kd3 Kf3
59. Kd2 Re7 60. Bb8 Kg2 61. Bf4 Kf2 62. Bb8 Kf3 63. Kd3 Rd7+ 64. Kc2 Ke2 65.
Bf4 Rd4 66. Be5 Rc4+ 0-1

[Event "18. Obert Int. Sant Marti 2016"]
[Site "Barcelona ESP"]
[Date "2016.07.18"]
[Round "6.17"]
[White "Lorenzo De La Riva, Lazaro"]
[Black "Glimbrant, Torbjorn"]
[Result "1/2-1/2"]
[WhiteElo "2370"]
[BlackElo "2203"]
[PlyCount "145"]
[EventDate "2016.07.13"]
[EventType "swiss"]
[EventRounds "9"]
[EventCountry "ESP"]
[SourceTitle "Ajedrez en Madrid"]
[Source "lmi"]
[SourceDate "2016.07.13"]
[SourceVersion "1"]
[SourceVersionDate "2019.06.21"]
[SourceQuality "1"]

1. e4 e6 2. d4 d5 3. Bd3 c5 4. exd5 exd5 5. Nf3 c4 6. Be2 Bd6 7. O-O Ne7 8. b3
cxb3 9. axb3 Nbc6 10. c4 O-O 11. Nc3 Bg4 12. Nb5 Bb8 13. Bb2 a6 14. h3 Bh5 15.
Re1 Bf4 16. Nc3 Rc8 17. Na4 Re8 18. Nc5 Bb8 19. g4 Bg6 20. Nxb7 Qb6 21. Nc5 a5
22. Nd7 Qb7 23. Nxb8 Rxb8 24. Ba3 h5 25. Bd6 Rbd8 26. Bg3 hxg4 27. hxg4 Qd7 28.
Ne5 Nxe5 29. dxe5 Qc8 30. cxd5 Nxd5 31. Qc1 Nc3 32. Bc4 Ne4 33. Rxe4 Bxe4 34.
Bxf7+ Kxf7 35. Qf4+ Kg8 36. Qxe4 Qc3 37. Rb1 Qd3 38. Qe1 Rd4 39. Ra1 Qxb3 40.
Qxa5 Rd1+ 41. Kh2 Rxa1 42. Qxa1 Kf7 43. Qa7+ Kg6 44. Qd7 Qe6 45. Qxe6+ Rxe6 46.
f4 Ra6 47. Kh3 Ra3 48. Kh4 Kf7 49. Be1 Re3 50. Ba5 Ra3 51. Bc7 Rc3 52. Bd6 g6
53. Kg5 Re3 54. Bb4 Re2 55. Bc5 Re1 56. Bf2 Re2 57. Bg3 Re3 58. Bf2 Re2 59. Ba7
Re1 60. Bb8 Re2 61. Bd6 Re1 62. f5 gxf5 63. gxf5 Rg1+ 64. Kf4 Rf1+ 65. Ke4 Re1+
66. Kd5 Rd1+ 67. Kc6 Rf1 68. Kd7 Rxf5 69. e6+ Kg8 70. Kc6 Rf6 71. e7 Re6 72.
Kd7 Rxe7+ 73. Bxe7 1/2-1/2